书目信息 |
| 题名: |
中国刑法学
|
|
| 作者: | 高铭暄 主编 | |
| 分册: | ||
| 出版信息: | 北京 中国人民大学出版社 1989.4 |
|
| 页数: | 657页 | |
| 开本: | 20cm | |
| 丛书名: | ||
| 单 册: | ||
| 中图分类: | D924.01 | |
| 科图分类: | ||
| 主题词: | 刑法--中国 | |
| 电子资源: | ||
| ISBN: | 7-300-00441-5 | |
| 000 | 00632nam0 2200229 45 | |
| 001 | 0189014137 | |
| 005 | 20050331111411.9 | |
| 010 | @a7-300-00441-5@dCNY8.00 | |
| 020 | @aCN@b89014137 | |
| 100 | @a19910304d1989 m y0chiy0120 ea | |
| 101 | 0 | @achi |
| 102 | @aCN@b110000 | |
| 105 | @ay j 000yy | |
| 200 | 10 | @a中国刑法学@Azhong guo xing fa xue@f高铭暄主编@Fgao ming xuan zhu bian |
| 210 | @a北京@c中国人民大学出版社@d1989.4 | |
| 215 | @a657页@d20cm | |
| 300 | @a高等学校文科教材 | |
| 606 | @a刑法@x中国 | |
| 690 | @aD924.01@v1980 | |
| 701 | 0 | @a高铭暄@4主编 |
| 801 | 0 | @aCN@bNLC@c19910304 |
| 905 | @dD924.01@e124@f1@b245554 | |
| 中国刑法学/高铭暄主编.-北京:中国人民大学出版社,1989.4 |
| 657页;20cm |
| 高等学校文科教材 |
| ISBN 7-300-00441-5:CNY8.00 |
| ● |
| 相关链接 |
|
|
|
|
正题名:中国刑法学
索取号:D924.01/124
 
预约/预借
| 序号 | 登录号 | 条形码 | 馆藏地/架位号 | 状态 | 备注 |
| 1 | 0245553 | 001256483 | 第一借阅区/ [索取号:D924.01/124] | 在馆 | |
| 2 | 0245554 | 002033891 | 密集书库/ [索取号:D924.01/124] | 在馆 | |
| 3 | 0245555 | 001256526 | 第一样本阅览室/ [索取号:D924.01/124] | 在馆 |